Polyfunkčný objekt na Kamennom námestí v Bratislave

Uložené v:
Podrobná bibliografia
Hlavný autor: Držík, Ondrej (Autor)
Ďalší autori: Hermann, Juraj (Vedúci práce)
Médium: Rukopis Kniha
Jazyk:Slovak
Vydavateľské údaje: 2025
Predmet:
On-line prístup:http://is.stuba.sk/zp/portal_zp.pl?podrobnosti=177657
CRZP
Tagy: Pridať tag
Žiadne tagy, Buďte prvý, kto otaguje tento záznam!

MARC

LEADER 00000ntm a22000003a 4500
001 stuzp105595
003 SK-STU
005 20250722142408.9
007 ta
008 150427s2015----xo-----f-mn---000-0-slo-d
040 |a STU  |b slo 
041 0 |a slo 
100 1 |a Držík, Ondrej  |u 010310  |4 aut  |U SvF Stavebná fakulta  |T SvF Katedra architektúry  |X 87562  |U V181|V310  |Y 19  |7 87562 
242 0 1 |a Mixed-use building at Kamenné square in Bratislava  |y eng 
245 1 0 |a Polyfunkčný objekt na Kamennom námestí v Bratislave 
260 |c 2025 
650 4 |a palimpsest  |2 eng 
650 4 |a public function  |2 eng 
650 4 |a mixed-use building  |2 eng 
650 4 |a Kamenné square  |2 eng 
650 4 |a palimpsest  |2 slo 
650 4 |a verejná funkcia  |2 slo 
650 4 |a polyfunkčný objekt  |2 slo 
650 4 |a Kamenné námestie  |2 slo 
700 1 |a Hermann, Juraj  |u 010310  |k Z8  |4 ths  |U SvF Stavebná fakulta  |T SvF Katedra architektúry  |X 95063  |U V181|V310  |Y 19  |7 95063 
856 4 |u http://is.stuba.sk/zp/portal_zp.pl?podrobnosti=177657 
856 4 |u https://opac.crzp.sk/?fn=detailBiblioForm&sid=809C367C54749DCAA145AEFF7E5A  |z CRZP